Munaivar Pa.Valan Arasu Avarkalin Pulamai Nalam (Record no. 230941)

MARC details
000 -LEADER
fixed length control field 00419nam a2200181Ia 4500
008 - FIXED-LENGTH DATA ELEMENTS--GENERAL INFORMATION
fixed length control field 240823s9999||||xx |||||||||||||| ||und||
082 ## - DEWEY DECIMAL CLASSIFICATION NUMBER
-- 920 Q5
100 ## - MAIN ENTRY--PERSONAL NAME
Personal name Valan Arasu A
245 #0 - TITLE STATEMENT
Title Munaivar Pa.Valan Arasu Avarkalin Pulamai Nalam
250 ## - EDITION STATEMENT
Edition statement 1st
260 ## - PUBLICATION, DISTRIBUTION, ETC. (IMPRINT)
Date of publication, distribution, etc 2015
Name of publisher, distributor, etc Vimal Ac
500 ## - GENERAL NOTE
General note YES
650 ## - SUBJECT ADDED ENTRY--TOPICAL TERM
Topical term or geographic name as entry element Tamil
942 ## - ADDED ENTRY ELEMENTS (KOHA)
Item type Books
Holdings
Withdrawn status Lost status Damaged status Permanent location Current location Date acquired Source of acquisition Cost, normal purchase price Full call number Barcode Date last seen Koha item type
      CENTRAL LIBRARY, NOORUL ISLAM CENTRE FOR HIGHER EDUCATION CENTRAL LIBRARY, NOORUL ISLAM CENTRE FOR HIGHER EDUCATION 03/27/2019 Gift Book from VC 100.00 920 Q5 79107 08/23/2024 Books
Visitors:
Copyright © 2024 Central Library NICHE.  All rights reserved.